000 00401nam a22001457a 4500
999 _c6002
_d6000
005 20210827143428.0
008 190917b xxu||||| |||| 00| 0 eng d
020 _a81-256-0090-6
041 _aeng
100 _aSUMAN, NEERJA. AND CHATURVEDI, SUSHMA
_95072
245 _aA TEXTBOOK OF BIOCHEMISTRY CLINICAL PATHOLOGY
260 _aDELHI
_bBIRLA PUBLICATIONS PVT. LTD.
300 _a170p,
942 _cBK